[Event "Catalunya-ch U14"]
[Site "Saragosa"]
[Date "2014.02.01"]
[Round "3.5"]
[White "Torres Camps, Aleix"]
[Black "Pasto Perlado, Raul"]
[Result "1-0"]
[WhiteElo "1840"]
[BlackElo "1734"]
[PlyCount "62"]
[EventDate "2014.01.25"]
[EventType "swiss"]
[EventRounds "8"]
[EventCountry "ESP"]
[SourceTitle "EXT 2024"]
[Source "ChessBase"]
[SourceDate "2023.10.10"]
[SourceVersion "1"]
[SourceVersionDate "2023.10.10"]
[SourceQuality "1"]

1. d4 d5 2. c4 c6 3. Nc3 Nf6 4. e3 g6 5. Bd3 Bg7 6. b3 0-0 7. Bb2 Na6 8. Nf3 Nb4 9. 0-0 Bg4 10. Be2 Qd6 11. Ba3 a5 12. Qd2 Bf5 13. Ne5 Qe6 14. Bxb4 axb4 15. Na4 Ng4 16. Nxg4 Bxg4 17. Bxg4 Qxg4 18. Qxb4 Qd7 19. cxd5 Qc7 20. dxc6 bxc6 21. Nc5 e5 22. a4 Qd6 23. Rad1 Rfd8 24. Qc4 Rab8 25. Ne4 Qd7 26. Nc3 exd4 27. exd4 Bxd4 28. Ne4 Kg7 29. Rd2 f5 30. Ng5 Bxf2+ 31. Rdxf2 Rdc8 1-0

[Event "Catalunya-ch U14"]
[Site "Saragosa"]
[Date "2014.01.25"]
[Round "1.3"]
[White "Pasto Perlado, Raul"]
[Black "Blanch Chadli, Jacint"]
[Result "0-1"]
[WhiteElo "1734"]
[BlackElo "1862"]
[PlyCount "70"]
[EventDate "2014.01.25"]
[EventType "swiss"]
[EventRounds "8"]
[EventCountry "ESP"]
[SourceTitle "EXT 2024"]
[Source "ChessBase"]
[SourceDate "2023.10.10"]
[SourceVersion "1"]
[SourceVersionDate "2023.10.10"]
[SourceQuality "1"]

1. e4 Nf6 2. Nc3 d5 3. f3 e6 4. d4 Bb4 5. Bg5 h6 6. Bxf6 Qxf6 7. a3 Bxc3+ 8. bxc3 c6 9. c4 dxe4 10. fxe4 Qh4+ 11. Kd2 Qxe4 12. Kc1 0-0 13. Nf3 Rd8 14. Bd3 Qf4+ 15. Qd2 Qxd2+ 16. Kxd2 b6 17. Kc3 Bb7 18. Be4 Nd7 19. Rad1 Nf6 20. Rhe1 Nxe4+ 21. Rxe4 c5 22. Ree1 Bxf3 23. gxf3 Rxd4 24. Rxd4 cxd4+ 25. Kxd4 Rd8+ 26. Kc3 Kf8 27. f4 g6 28. h4 Kg7 29. a4 Kf6 30. Re5 Ke7 31. Re1 f5 32. Rb1 Kf6 33. Rg1 Rg8 34. h5 g5 35. Kb4 g4 0-1